000
00305nam a2200121Ia 4500
008
190216s9999||||xx |||||||||||||| ||und||
100
_a
"Raisinghania M D, Aggarwal R S"
245
0
_a
Set Theory And Number System
260
_b
S Chand & Co
_c
1982
300
_a
148p
650
_a
Mathematics
942
_c
BK
999
_c
30839
_d
30839